Vista normal
Vista MARC
Entrada Materia (personas)
Número de registros utilizados en: 1
001 - CONTROL NUMBER
- control field: 62623
003 - CONTROL NUMBER IDENTIFIER
- control field: Co-BoUCM
005 - DATE AND TIME OF LATEST TRANSACTION
- control field: 20140702101948.0
008 - FIXED-LENGTH DATA ELEMENTS
- fixed length control field: 140702|| aca||aabn | a|a d
040 ## - CATALOGING SOURCE
- Original cataloging agency: Co-BoUCM
- Transcribing agency: Co-BoUCM
100 ## - HEADING--PERSONAL NAME
- Personal name: Passerini, Pietro Maria,
- Dates associated with a name: 1596-1677
670 ## - SOURCE DATA FOUND
- Source citation: Work cat.: (Co-BoUCM)72431: Passerini, Pietro Maria, 1596-1677, Tractatus de Indulgentiis, 1695